Slovník amerikanismů

Guardado en:
Detalles Bibliográficos
Formato: Libro
Lenguaje:checo
Publicado: Praha Státní pedagogické nakladatelství 1982
Colección:Střední slovníky jednostranné
Etiquetas: Agregar Etiqueta
Sin Etiquetas, Sea el primero en etiquetar este registro!

MARC

LEADER 00000nam a2200000 4500
001 c130857
005 20250711083338.2
041 0 |a cze 
044 |a CZ 
245 1 0 |a Slovník amerikanismů  |c Jaroslav Peprník 
264 1 |a Praha  |b Státní pedagogické nakladatelství  |c 1982 
300 |a 612 s. 
490 1 |a Střední slovníky jednostranné 
830 0 |a Střední slovníky jednostranné